| 000 | 01807nam a2200433 i 4500 | ||
|---|---|---|---|
| 001 | 991061718031506706 | ||
| 003 | ES-BaIT | ||
| 005 | 20260212145652.0 | ||
| 008 | 260212s17291749sp |||||r|||||0|0 d spa|c | ||
| 040 |
_aES-BaIT _bcat _erda _cES-BaIT |
||
| 080 | _a860-2"17" | ||
| 245 | 0 | 0 | _aBayle nuevo de Teresilla |
| 246 | 3 | _aBaile nuevo de Teresilla | |
| 264 | 1 |
_a[Madrid] : _ben casa de Joseph Gonzalez en la calle del Arenal, _c[entre 1729 i 1749] |
|
| 300 |
_a8 pàgines sense numerar ; _c8º |
||
| 336 |
_atext _btxt _2rdacontent |
||
| 337 |
_asense mediació _bn _2rdamedia |
||
| 338 |
_avolum _bnc _2rdacarrier |
||
| 500 | _aNom de l'editor obtinguda del colofó | ||
| 500 | _aSignatura: B4 | ||
| 500 | _aJoseph González traballa en Madrid aproximadament entre 1729 i 1749, segons Gutiérrez del Caño | ||
| 533 | _aReproducció digital disponible a Biblioescènic | ||
| 593 | 0 | 0 | _choland. granate. Procedència: Col·lecció Joaquín Montaner |
| 593 | 0 | 0 | _choland. azul (Entremeses VIII) |
| 655 | 4 |
_aBailes (Teatre) _yS. XVIII _9168433 |
|
| 700 | 1 |
_aGonzález, Joseph _eimpressor _9168434 |
|
| 730 | 0 | _aCol·lecció digital Biblioescènic del MAE | |
| 752 |
_aEspanya _dMadrid |
||
| 856 | 4 | 1 |
_zAccés lliure (Biblioescènic) _3Exemplar VIT-084/06 _uhttps://books.cdmae.cat/visorpdf/?recurs=SV0084-06 |
| 856 | 4 | 1 |
_zAccés lliure (BVMC) _uhttps://www.cervantesvirtual.com/obra/bayle-nuevo-de-teresilla/ |
| 856 | 4 | 2 |
_3Fitxa del catàleg manual _uhttp://www.cdmae.cat/sedo/imgtitulos/066/P0001548.gif |
| 856 | 4 | 2 |
_3Fitxa del catàleg manual _uhttp://www.cdmae.cat/sedo/imgtitulos/066/P0001549.gif |
| 902 | _aPatrimoni | ||
| 902 | _aFons antic | ||
| 908 | _aCDMAE | ||
| 940 | _aCDMAE | ||
| 942 |
_2udc _cDIGITAL |
||
| 999 |
_c137048 _d137048 |
||